The geometry of ecological interactions: : simplifying spatial complexity
Αποθηκεύτηκε σε:
| Άλλοι συγγραφείς: | , , |
|---|---|
| Μορφή: | Βιβλίο |
| Γλώσσα: | English |
| Δημοσίευση: |
Cambridge, U.K. :
Cambridge University Press, IIASA,
2000
|
| Σειρά: | Cambridge studies in adaptive dynamics
|
| Θέματα: | |
| Ετικέτες: |
Προσθήκη ετικέτας
Δεν υπάρχουν, Καταχωρήστε ετικέτα πρώτοι!
|
MARC
| LEADER | 00000nam a2200000 i 4500 | ||
|---|---|---|---|
| 001 | 1/82576 | ||
| 008 | 080415s2000 eng d | ||
| 020 | |a 978-0-521-64294-1 (hbk.) | ||
| 020 | |a 0-521-64294-9 (hbk.) | ||
| 035 | |l 10096697 | ||
| 040 | |a GR-MY-UA |b gre |e aacr | ||
| 041 | 0 | |a eng | |
| 082 | 0 | |a 577.0151 |2 (22) | |
| 245 | 1 | 4 | |a The geometry of ecological interactions: : |b simplifying spatial complexity / |c edited by Ulf Dieckmann, Richard Law, and Johan A.J. Metz |
| 260 | |a Cambridge, U.K. : |b Cambridge University Press, |b IIASA, |c 2000 | ||
| 300 | |a xiv, 564 σ.; |b εικ., χάρτης; |c 24 εκ. | ||
| 490 | 1 | |a Cambridge studies in adaptive dynamics | |
| 500 | |a IIASA=International institute for applied systems analysis | ||
| 504 | |a Βιβλιογραφία: σ. 517-552 | ||
| 504 | |a Ευρετήριο: σ. 553-564 | ||
| 650 | 0 | 0 | |a Spatial ecology |x Mathematical models. |
| 700 | 1 | |a Dieckmann, Ulf |d 1966- |4 edt | |
| 700 | 1 | |a Law, R. |q (Richard) |d 1950- |4 edt | |
| 700 | 1 | |a Metz, J. A. J. |q (Johan A. J.) |4 edt | |
| 830 | 0 | |a Cambridge studies in adaptive dynamics | |
| 852 | |a INST |b LESVOS |e 20080415 |h 577.0151 GEO |p 005100038640 |q 005100038640 |t BK |y 0 | ||
| 901 | |a BIBL1-2008-1 | ||
| 909 | |a Λ |b 144216 | ||
| 922 | |a 1ΕΛΗ |b 200801 |c ΕΠΕΑΕΚ2/ΤΠ |d ΠΑΠΑΣΩΤΗΡΙΟΥ | ||
| 970 | |a ΓΙΑΛΑΜΑ |b ΜΑΡΙΑ |z 2008/04/15 | ||